Normal view
MARC view
- Indígenas de México
Entry Materia
001 - NÚMERO DE CONTROL DEL REGISTRO
- campo de control: 50021
003 - IDENTIFICADOR DE NUMERO DE CONTROL
- campo de control: MX-MxUPN
005 - FECHA Y HORA DE LA ÚLTIMA TRANSACCIÓN
- campo de control: 20230919111600.0
008 - DATOS DE LONGITUD FIJA
- campo de control de longitud fija: 230919nn fcnnnbabb a ana d
040 ## - FUENTE DE LA CATALOGACIÓN
- Centro catalogador de origen: MX-MxUPN
- Lengua de catalogación: spa
150 ## - ENCABEZAMIENTO - TEMÁTICO
- Término de materia o nombre geográfico como elemento inicial: Indígenas de México
- Subdivisión de materia general: Educación
- Subdivisión de forma: Congresos
450 ## - VÉASE - MATERIA
- Encabezamiento temático: Educación indígena
- Subdivisión de forma: Congresos
670 ## - FUENTE EN LA QUE SE LOCALIZARON DATOS
- Cita de la fuente: Autoridades BGTQ, 19 septiembre 2023 :
- Información localizada: (Indígenas de México -- Educación)
670 ## - FUENTE EN LA QUE SE LOCALIZARON DATOS
- Cita de la fuente: Autoridades BGTQ, 19 septiembre 2023 :
- Información localizada: (Subdivisión de forma: Congresos)
902 ## - CATALOGADOR
- Catalogador: VíctorGodínez/190923
